000 00395nam a2200145Ia 4500
008 240729s9999 xx 000 0 und d
022 _a2392-0378
245 0 _aScientific Journals of the Maritime University of Szczecin
260 _aPoland
260 _bMUS
650 _aNaval Science
856 _uhttps://doaj.org/toc/36a8b3866c4d40adbf512d84afb0e6e3
942 _2ddc
942 _cDOAJEJ
999 _c68010
_d68010
945 _a1
_bMadushi Gamage
_c1
_dMadushi Gamage